| 000 | 00690nam a2200205 u 4500 | ||
|---|---|---|---|
| 005 | 20230610063648.0 | ||
| 008 | 140331s2011 r 000 0 eng d | ||
| 020 | _a9786074670714 | ||
| 035 | _aUPN01000196678 | ||
| 049 | _aCG | ||
| 050 | 4 |
_aLB1591 _bA7.7 |
|
| 245 | 0 | 4 |
_aLas artes y su enseñanza en la educación básica / _ccoord. Leopoldo F. Rodríguez Gutiérrez. |
| 260 |
_aMéxico : _bSEP : _bUPN, _c2011. |
||
| 300 |
_a286 p. : _btablas |
||
| 440 | 0 | _aTeoría y práctica curricular de la educación básica | |
| 650 | 4 |
_aArte _xEstudio y enseñanza (Elemental) _92642 |
|
| 700 | 1 |
_aRodríguez Gutiérrez, Leopoldo Felipe _ecoord. _942795 |
|
| 905 | _aLibro | ||
| 999 |
_c168779 _d168779 |
||